000 00698nam a2200169 4500
999 _c16439
_d16439
008 220207b ||||| |||| 00| 0 eng d
022 _a0893-8989
082 _aDPer 363.205 P75 Sept 2013-May 2016 v. 37 & 40, n. 9-11/1-5
100 _aMurgado, Amaury.
_943871
245 _aTaking charge of yourself:
_bset the bar high in everything you do as an example for your subordinates to follow/
_cAmaury Murgado.
260 _aCalifornia:
_bBobit Business Media,
_c©Sept 2013-May 2016.
300 _av40 n3, page 6;
_billustrations:
_c27 cm.
500 _aPolice: the law enforcement.
650 _aLeadership
_xLaw enforcement.
_943834
650 _aPersonnel management.
_943921
942 _2ddc
_cPER